000 00532cam a22002171 4500
001 ne 68000405
003 DLC
005 20260227111837.0
008 890415s1965 xx 000 0 ara
010 _ane 68000405
035 _a(OCoLC)23485158
040 _aDLC
_cMiU
_dDLC
042 _apremarc
050 0 0 _aHB75
_b.N35
100 1 _aNashshār, Muḥammad Ḥamdī.
245 1 3 _aal-Nuẓum al-iqtiṣādīyah.
260 _c1965.
300 _a92 p.
_c24 cm.
500 _aRomanized.
650 0 _aComparative economics
999 _c50030
_d50030